000 01232nam0a2200337 4500
001 RU\NLR\bibl\385642
005 20250622155027.0
010 _a5-272-00366-7
_910000
021 _aRU
_b2003-10705
_9492
035 _a(NLR Aleph) 000380010
090 _a449615
_c449615
100 _a20030404d2003 |||y0rusy50 ca
101 0 _arus
102 _aRU
105 _ay |||||||||
200 1 _aИскусство помнить и забывать
_fДаниэль Лапп
205 _a[2-е изд.]
210 _aМ. и др.
_cПитер
_d2003
215 _a221 с.
_d21
225 1 _aСам себе психолог
300 _aЗагл. и авт. ориг.: (Nearly) total recall/ Danielle C. Lapp
454 0 _12001#$a(Nearly) total recall$fDanielle C. Lapp
_t(Nearly) total recall
606 0 _aПамять
_jПопулярная литература
_xРазвитие
_91814920
_3RU\NLR\auth\66819162
606 0 _aПамять
_jПопулярные издания
_xРазвитие
_91814920
_3RU\NLR\auth\66819162
686 _aЮ935.12я9
700 1 _aЛапп
_bД.
_gДаниэль
_4070
801 0 _aRU
_bNLR
_c20030404
_gPSBO
801 1 _aRU
_bNLR
_c20030404
942 _cBOOK
980 _aNB